Netflix Genres Quiz Stats

 Plays Quiz Updated Aug 24, 2018

Also try: IMDb Movie Genres
Challenge
Share
Tweet
Embed
Score 0/19 Timer 04:00
10 Plays Today
% Correct
Comedy
96.2%
Dramas
85.4%
Horror
85.3%
Action & Adventure
85.2%
Children & Family
77.8%
Documentary
77.5%
Romance
75.5%
Sci-Fi and Fantasy
66.3%
Thrillers
65.3%
Anime & Animation
62.2%
% Correct
TV Shows
53.7%
Foreign
48.8%
Music & Musicals
39.7%
Classics
38.9%
Sports & Fitness
34.4%
LGBT
32%
Independent
31.6%
Faith & Spirituality
14.6%
Special Interest
7.2%

You're not logged in!

Compare scores with friends on all Sporcle quizzes.
OR
Log In

You Might Also Like...

Show Comments

Extras

Top Quizzes Today


Score Distribution

Your Account Isn't Verified!

In order to create a playlist on Sporcle, you need to verify the email address you used during registration. Go to your Sporcle Settings to finish the process.

Report this User

Report this user for behavior that violates our Community Guidelines.

Details: